000 00660nam a2200241 i 4500
001 C2-0256369
003 PPAK
005 20180727223759.0
008 040714s1986 my |||| ||||| | may d
040 _aPPAK
_beng
_cPPAK
_erda
082 0 4 _a899.231
_223
090 0 0 _a899.231
_bATO
_dKAR
090 0 0 _a899.231
_bATO
_dKAA
100 0 _aAtondra,
_eauthor
245 1 0 _aRambut penutup wajah
264 1 _aKuala Lumpur :
_bPersatuan Kebajikan Penulis Muda Selangor ,
_c1986
300 _aiv, 90 pages ;
_c22 cm
336 _2rdacontent
_atext
337 _2rdamedia
_aunmediated
338 _2rdacarrier
_avolume
650 1 0 _aMalay poetry
942 _ddc
_cB
999 _c68562
_d68562